000 00290nam a22001337a 4500
008 170731b xxu||||| |||| 00| 0 eng d
020 _a661719 4995
041 _aeng
080 _a004
100 _a32
101 _aSHK
245 _aTHE ESSENTIAL CORBA
_cMOWBRAY,TH.J
942 _2udc
_cBK
999 _c22161
_d22161